00325nam a2200133Ia 4500003000400000008004100004020001500045040001600060082001300076245001700089260004700106300002100153650001700174GCL140319s9999 xx 000 0 eng d a9054690779 aGCL / cGCL04a720bP A10aARCHITECTURE aهولندا : bTHE PEPIN PRESS ، c2001 a32 CM ؛ c543 P04aARCHITECTURE